Il gioco /

সংরক্ষণ করুন:
গ্রন্থ-পঞ্জীর বিবরন
প্রধান লেখক: Manara, Milo (লেখক)
বিন্যাস: গ্রন্থ
ভাষা:ইতালিয়
প্রকাশিত: Milano : CDE, stampa 1987
ট্যাগগুলো: ট্যাগ যুক্ত করুন
কোনো ট্যাগ নেই, প্রথমজন হিসাবে ট্যাগ করুন!

MARC

LEADER 00000nam a22000007i 4500
001 IT\ICCU\LO1\0603062
003 ItRI
005 20260115232327.0
008 020312s1987 it |||||| ||||| |||||c
040 |b ita  |c importazione bologna sebina 
041 7 |a ita  |2 ISO-639-2 
100 1 |a Manara, Milo  |0 IT\ICCU\CFIV\008649  |4 aut 
245 1 3 |a Il gioco /  |c Milo Manara. 
260 |a Milano :  |b CDE,  |c stampa 1987 
300 |a 62 p. :  |b in gran parte ill. ;  |c 35 cm. 
942 |2 ddc  |c BK  |n 0 
952 |0 0  |1 0  |4 0  |6 DOC_741_500000000000000_MAN  |7 0  |9 24242  |a BO  |b BO  |d 2026-01-15  |i 9370  |l 0  |o DOC 741.5 MAN  |p BO9370  |r 2026-01-15 23:23:27  |w 2026-01-15  |x [Sebina 7] [1 v.]  |y BK  |z 1 v. 
999 |c 20635  |d 20635